000
00202nam a22000857a 4500
001
1244075
005
20251017153719.0
245
_a
CERVANTES
_c
DON KİŞOT
260
_b
MİLLİ EĞİTİM BAKANLIĞI YAYINLARI
999
_c
1244075
_d
1244075